El libro de mamá /

Guardado en:
Autor Principal: Arens, Germán
Formato: Libro
Publicado: Buenos Aires : Barnacle, 2018
Materias:
Etiquetas: Agregar Etiqueta
Sin Etiquetas, Sea el primero en etiquetar este registro!
LEADER 00572nam a22001935a 4500
001 EHU.bham045293
003 AR-BHAM
005 20180731115315.0
008 130507s2018##################000#0#####d
020 |a 9789874044242 
082 A 8 |a 868.5 
100 1 |a Arens, Germán 
245 1 0 |a El libro de mamá /  |c  Germán Arens 
260 |a Buenos Aires :  |b Barnacle,  |c 2018 
300 |a 79 p. 
653 |a Literatura argentina-2000- 
653 |a Miscelánea argentina-2000- 
653 |a Literatura bahiense-2000 
859 |a AR-BHAM  |b BIB. HUMANIDADES - General  |h A868.5  |i Ar33  |k A  |p 185.18  |t Ej.1